|
|
|
|
| LEADER |
00000nam a22000004a 4500 |
| 001 |
AR-BbUGT1015 |
| 003 |
AR-BbUGT |
| 005 |
20241213120459.0 |
| 007 |
ta |
| 008 |
061101t1994 ag ad |1|||0|spa d |
| 999 |
|
|
|c 8866
|d 8866
|
| 020 |
|
|
|a 950-43-0622-5
|
| 040 |
|
|
|a AR-BbUGT
|b spa
|c AR-BbUGT
|
| 082 |
0 |
4 |
|a 910
|
| 111 |
2 |
|
|a Semana de Geografía
|9 249
|
| 245 |
1 |
0 |
|a Contribuciones científicas:
|b congreso Nacional de Geografía 55 Semana de Geografía /
|c Sociedad Argentina de Estudios Geográficos.
|
| 260 |
|
|
|a Argentina :
|b GAEA,
|c 1994.
|
| 300 |
|
|
|a 337 p. :
|b il., cuadros, figuras ;
|c 21 cm.
|
| 653 |
|
|
|a Sida
|
| 653 |
|
|
|a Mar Chiquita
|
| 653 |
|
|
|a Mercosur
|
| 653 |
|
|
|a Tucuman
|
| 653 |
|
|
|a Rosario
|
| 710 |
|
|
|a Sociedad Argentina de Estudios Geográficos GAEA.
|
| 942 |
|
|
|c BK
|h 910
|i SE471 55
|2 ddc
|6 910_000000000000000_SE471_55
|